000 00718nam a2200193Ia 4500
008 151119s9999||||xx |||||||||||||| ||und||
082 _a745.92
082 _bGKKV24037
100 _aश्यामबंधू अन्ड कंपनी
245 _aसुपर टॉप फ्री हैनड रांगोळी
260 _a--
260 _b--
260 _c0
600 _aश्यामबंधू अन्ड कंपनी
630 _aसुपर टॉप फ्री हैनड रांगोळी
700 _aश्यामबंधू अन्ड कंपनी
730 _aसुपर टॉप फ्री हैनड रांगोळी
942 _cBOOK
999 _c1076643
_d1076640